000 00636nam a2200241Ia 4500
003 OSt
005 20220918174215.0
006 a|||||r|||| 00| 0
007 ta
008 220917b |||||||| |||| 00| 0 eng d
024 _a11,097
037 _cTextual
040 _aARTS
_cARTS
_beng
041 _2eng
_aeng
082 _aM1942z7, L5 (2)
100 _aLutz Cora E.
_949495
245 0 _aEssays on manuscripts and rare books
260 _aHamden
_bArchon Book
_c1975
300 _a177p
_ccm.
650 _aINDUSTRIAL ARTS
942 _hM1942z7, L5 (2)
_cTEXL
_2CC
999 _c152215
_d152215